Statistics for FIVB Volleyball World Ranking - Men

Click here to take the quiz!

General Stats

  • This quiz has been taken 823 times
  • The average score is 18 of 25

Answer Stats

RankTeamPoints% Correct
5.USA217World League 2012 #2, North American Championship 2011 #2
97%
1.Brazil325World Championship 2010 #1, World Cup 2011 #3, Olympic Games 2012 #2, South American Championship 2011 #1
96%
19.Japan48
94%
2.Russia292World Cup 2011 #1, Olympic Games 2012 #1
94%
3Italy253Olympic Games 2012 #3, European Championship 2011 #2
91%
4.Poland237World Cup 2011 #2, World League 2012 #1, European Championship 2011 #3
90%
16.China53Asian Championship 2011 #2
89%
15.France56
88%
9.Argentina154South America Championship 2011 #2
86%
18.Canada51North American Championship 2011 #3
82%
10.Germany127
82%
6.Cuba213World Championship 2010 #2, World League 2012 #3, North American Championship 2011 #1
78%
7.Serbia175World Championship 2010 #3, European Championship 2011 #1
77%
14.Iran58Asian Championship 2011 #1
68%
24.South Korea39Asian Championship 2011 #3
68%
12.Egypt63African Championship 2011 #1
67%
23.Mexico40
63%
25.Spain32
62%
11.Australia68
61%
8.Bulgaria165
58%
20.Venezuela45South America Championship 2011 #3
46%
13.Tunisia62African Championship 2011 #3
45%
16.Cameroon53African Championship 2011 #2
34%
22.Czech Republic41
30%
20.Puerto Rico45
16%

Score Distribution

Percentile by Number Answered

Percent of People with Each Score

Your Score History

You have not taken this quiz